000
00343 a2200157 4500
001
75806
020
_a
808073399
040
_c
Anchieta - Colégio São Paulo
100
_a
Furnari, Eva
240
1
0
_a
Operação risoto
_l
por
245
1
0
_a
Operação risoto
300
_a
40
362
0
_a
1999
650
4
_a
Literatura infantil
942
_c
BK
999
_c
75806
_d
75806